000 00971nas a2200301 4500
001 BR2019001408
003 BR-BrBNA
005 20231205131918.0
007 ta
008 230509b bl.|||p| |||| 00| 00por d
040 _aBR-BrBNA
_bpor
_cBiblioteca Nacional de Agricultura
041 _a(Pt)
072 _aF63; L60
100 1 _aSoria, S. de J.
100 1 _aWirth, W.W.
245 1 _aIdentidade e caracterização taxonômica preliminar das mosquinhas Forcipomyia (Diptera, Ceratopogonidae)associadas com a polinização do cacaueiro na Bahia
650 _aFORCIPOMYIA SPP
650 _aMOSCA
650 _aDÍPTERA
650 _aINSETO POLINIZADOR
650 _aPOLINIZAÇÃO
650 _aTAXONOMIA ANIMAL
650 _aCACAU
773 0 _tRevista Theobroma (Brazil)
_xISSN 0370-7962
_g(Jan-Mar 1974), v. 4(1) p. 3-12
_wBR2019001408
856 4 0 _dLink DSPACE/MAPA BR2019001408
909 _a202311
_bLúcia
_c55
_dLúcia Elande
942 _2AGRIS
_n0
_cANA
999 _c257431
_d257431